| 000 | 00403nam a22001337a 4500 | ||
|---|---|---|---|
| 082 |
_a624.1771 _bKRI _cL-20, P-188 |
||
| 100 | _aKrishnamurthy, D. | ||
| 245 |
_aStructural design & drawing _cD. Krishnamurthy |
||
| 260 |
_aIndia _bSatish Kumar for CBS Publishers & Distributors _c1985 |
||
| 300 |
_a256.p: _bVolume 3 |
||
| 526 |
_a0 _b0 _c0 _d624_177100000000000_KRI |
||
| 650 |
_aMCE _9379 |
||
| 942 |
_2ddc _cBK |
||
| 999 |
_c546488 _d546488 |
||